| 000 | 00392nam a22001697a 4500 | ||
|---|---|---|---|
| 005 | 20160513102722.0 | ||
| 008 | 160513b xxu||||| |||| 00| 0 eng d | ||
| 020 | _a978-81-8054-671-6 | ||
| 041 | _aeng | ||
| 082 | _b1809 | ||
| 100 |
_aPrasad L.M. _9431 |
||
| 245 | _aStrategic Management | ||
| 260 |
_bSultan Chand & Sons _c2008 |
||
| 300 | _a518 | ||
| 650 |
_aManagement _9241 |
||
| 942 | _cBK | ||
| 999 |
_c698 _d698 |
||